Integrovaný systém manažérstva v elektrárenskej spoločnosti

Bibliographic Details
Main Author: Bíro, Richard (Author)
Format: Article
Language:Slovak

MARC

LEADER 00000nab a2200000 a 4500
001 vtls011117215
003 SK-MaSNL
005 20260304030144.0
008 250310|2011 xo |||||||||||||||||slo|
015 |a SNBRB 
035 |a (uuid)8df933e5-c79b-4206-839e-1959b9cdf527 
035 |a (urnnbn)urn:nbn:sk:snk:ar-a08lhl 
035 |a urn:nbn:sk:snk-ab9nmm 
040 |a SNKBUCL  |b slo  |c SNKBUCL  |e AACR2 
041 0 |a slo 
044 |a xo  |c SK 
100 1 |a Bíro, Richard  |4 aut  |9 1308297 
245 1 0 |a Integrovaný systém manažérstva v elektrárenskej spoločnosti  |c Richard Bíro 
773 0 |t Kvalita : odborný časopis Slovenskej spoločnosti pre kvalitu  |g Roč. 19, č. 1 (2011), s. 10-12 
958 |a OND 
958 |a EUIPO 
958 |a article13 
999 |c 2632003  |d 2633933